| 000 | 00575nam a2200229Ia 4500 | ||
|---|---|---|---|
| 008 | 171120s9999 xx 000 0 und d | ||
| 020 | _a9.7801996545e+012 | ||
| 050 | _a82 | ||
| 050 | _bR233 2012 | ||
| 100 | _aRatclife, Susan | ||
| 245 | _aLittle Oxford dictionary of quotations / | ||
| 245 | _cby Susan Ratcliffe. | ||
| 250 | _aFirst edition. | ||
| 260 | _aUK : | ||
| 260 | _bOxford University Press, | ||
| 260 | _c2012 | ||
| 300 | _axii, 483 pages : | ||
| 300 | _billustrations ; | ||
| 300 | _c16cm. | ||
| 650 | _aQuotations, English. | ||
| 700 | _aTitle. | ||
| 999 |
_c345199 _d345199 |
||